Phát triển nuôi trồng thủy sản bền vững góp phần xóa đói giảm nghèo

Saved in:
Bibliographic Details
Main Author: Bộ Thủy Sản
Format: Book
Language:Undetermined
Published: H. Nông nghiệp 2001
Subjects:
Tags: Add Tag
No Tags, Be the first to tag this record!
Institutions: Trung tâm Học liệu Trường Đại học Cần Thơ
LEADER 00629nam a2200205Ia 4500
001 CTU_58647
008 210402s9999 xx 000 0 und d
020 |b 10000 
082 |a 338.18 
082 |b B450 
100 |a Bộ Thủy Sản 
245 0 |a Phát triển nuôi trồng thủy sản bền vững góp phần xóa đói giảm nghèo 
245 0 |c Bộ Thủy Sản 
260 |a H. 
260 |b Nông nghiệp 
260 |c 2001 
650 |a rural development projects,agriculture and state 
650 |z vietnam 
904 |i Minh 
980 |a Trung tâm Học liệu Trường Đại học Cần Thơ